000 01011cam a2200337 4500
001 4442
003 FISKH
005 20240910092206.0
008 720707s1973 nyua j 000 0 eng
010 _a 72006068
020 _a9780439063678
040 _aDLC
_cDLC
_dDLC
_beng
050 _aPZ8.W465
082 _a813.54
100 1 _aWells, Rosemary.
245 1 0 _aNoisy Nora /
_cStory and pictures by Rosemary Wells.
250 _aFirst Scholastic printing, January 1999
260 _aNew York :
_bScholastic,
_c1973
300 _a30 unnumbered pages :
_bcolor illustrations ;
_c27 cm
350 _a$3.95
505 _aF
520 _aFeeling neglected, Nora makes more and more noise to attract her parents' attention.
521 8 _a320
_bLexile
521 8 _aF
_bRaz-Plus
650 1 _aStories in rhyme.
650 1 _aBehavior
_xFiction.
650 1 _aFamily life
_xFiction.
906 _a7
_bcbc
_corignew
_d1
_eocip
_f19
_gy-gencatlg
942 _2ddc
_cBK
_n0
999 _c4442
_d4442